[Event "BEL-ch U14 Girls"]
[Site "Blankenberge"]
[Date "2015.04.16"]
[Round "7"]
[White "Swennen, Fleur"]
[Black "Collin, Josephine"]
[Result "1-0"]
[WhiteElo "1498"]
[BlackElo "1172"]
[PlyCount "47"]
[EventDate "2015.04.12"]
[EventType "swiss"]
[EventRounds "9"]
[EventCountry "BEL"]
[SourceTitle "CBM 166 Extra"]
[Source "ChessBase"]
[SourceDate "2015.06.18"]
[SourceVersion "1"]
[SourceVersionDate "2015.06.18"]
[SourceQuality "1"]

1. e4 e5 2. Nf3 Nc6 3. Bc4 Bc5 4. c3 a6 5. Bb3 Ba7 6. d3 Nf6 7. Nbd2 0-0 8. h3 Ne7 9. Nf1 h6 10. Nxe5 d5 11. Qe2 Be6 12. Bc2 d4 13. Ng3 Ng6 14. Ng4 Qd7 15. Nxf6+ gxf6 16. Bxh6 Rfe8 17. Nh5 Qe7 18. Qf3 f5 19. 0-0 f4 20. Nxf4 Nxf4 21. Qxf4 Kh7 22. Bg5 Qd7 23. Qh4+ Kg6 24. Qh6# 1-0

[Event "BEL-ch U14 Girls"]
[Site "Blankenberge"]
[Date "2015.04.12"]
[Round "1"]
[White "Mitran, Maria Carla Evelina"]
[Black "Collin, Josephine"]
[Result "1-0"]
[WhiteElo "1591"]
[BlackElo "1172"]
[PlyCount "63"]
[EventDate "2015.04.12"]
[EventType "swiss"]
[EventRounds "9"]
[EventCountry "BEL"]
[SourceTitle "CBM 166 Extra"]
[Source "ChessBase"]
[SourceDate "2015.06.18"]
[SourceVersion "1"]
[SourceVersionDate "2015.06.18"]
[SourceQuality "1"]

1. d4 d5 2. c4 Nf6 3. cxd5 Nxd5 4. e4 Nf6 5. Nc3 Nc6 6. Bb5 e6 7. d5 exd5 8. exd5 Qe7+ 9. Nge2 Qd6 10. dxc6 bxc6 11. Qxd6 cxd6 12. Bxc6+ Bd7 13. Bxa8 Be7 14. Nd4 0-0 15. Bc6 Re8 16. 0-0 h6 17. Bxd7 Nxd7 18. Re1 Nf6 19. Nc6 Kf8 20. Nxa7 d5 21. Nc6 Bd6 22. Rxe8+ Kxe8 23. b4 Ng4 24. h3 Bh2+ 25. Kh1 Nxf2+ 26. Kxh2 Kd7 27. b5 Kc7 28. Nxd5+ Kb7 29. a4 g5 30. a5 Ka8 31. a6 g4 32. Nc7# 1-0